[Event "Czech Fed-ch U14"]
[Site "Hrdonov"]
[Date "2013.10.31"]
[Round "7"]
[White "Zejdlik, Patrik"]
[Black "Balek, Filip"]
[Result "1/2-1/2"]
[WhiteElo "1637"]
[BlackElo "1597"]
[PlyCount "48"]
[EventDate "2013.10.26"]
[EventType "swiss"]
[EventRounds "9"]
[EventCountry "CZE"]
[SourceTitle "EXT 2016"]
[Source "ChessBase"]
[SourceDate "2015.10.08"]
[SourceVersion "1"]
[SourceVersionDate "2015.10.08"]
[SourceQuality "1"]

1. d4 e6 2. c4 d5 3. Nc3 Nf6 4. Bg5 Be7 5. Nf3 0-0 6. e3 Nbd7 7. Bd3 b6 8. 0-0 Bb7 9. Rc1 c5 10. Qc2 Rc8 11. b3 h6 12. Bh4 cxd4 13. exd4 Ne8 14. Bxe7 Qxe7 15. Rfe1 dxc4 16. bxc4 Bxf3 17. gxf3 Qg5+ 18. Kh1 Ndf6 19. Qe2 Nh5 20. Rg1 Qh4 21. Qe4 Qxe4 22. fxe4 Nf4 23. Bf1 Nd6 24. Rg4 Ng6 1/2-1/2

[Event "CZE-chTE U20 1314"]
[Site "Czech Republic"]
[Date "2013.10.13"]
[Round "3.4"]
[White "Ochmyt, Jakub"]
[Black "Zejdlik, Patrik"]
[Result "1-0"]
[WhiteElo "1611"]
[BlackElo "1637"]
[PlyCount "77"]
[EventDate "2013.10.12"]
[EventType "team-tourn"]
[EventRounds "11"]
[EventCountry "CZE"]
[SourceTitle "EXT 2015"]
[Source "ChessBase"]
[SourceDate "2014.11.20"]
[SourceVersion "1"]
[SourceVersionDate "2014.11.20"]
[SourceQuality "1"]
[WhiteTeam "Orlova Slavia (U20) II"]
[BlackTeam "Polabiny (U20) II"]
[WhiteTeamCountry "CZE"]
[BlackTeamCountry "CZE"]

1. d4 e6 2. c4 c5 3. Nf3 b6 4. Bf4 Nf6 5. e3 Bb7 6. Be2 cxd4 7. exd4 d5 8. Nc3 Be7 9. 0-0 0-0 10. Rc1 Ba6 11. Nb5 Nh5 12. Bg3 Nxg3 13. hxg3 Bxb5 14. cxb5 Nd7 15. Rc6 Rc8 16. Qa4 Rxc6 17. bxc6 Nb8 18. Rc1 Qc7 19. b4 a6 20. Bxa6 Nxa6 21. Qxa6 Bxb4 22. Ne5 Rd8 23. Kh2 f6 24. Nd7 Ba5 25. Qb7 b5 26. Nc5 Kf7 27. Na6 Qe7 28. c7 Rd7 29. Qb8 Bxc7 30. Rxc7 Rxc7 31. Qxc7 Qxc7 32. Nxc7 Ke7 33. Nxb5 e5 34. dxe5 fxe5 35. Kg1 Ke6 36. Kf1 d4 37. Ke2 Kd5 38. Nc7+ Kc4 39. Kd2 1-0

[Event "CZE-chTE U20 1314"]
[Site "Czech Republic"]
[Date "2013.10.12"]
[Round "2.4"]
[White "Zejdlik, Patrik"]
[Black "Jurasek, Vojtech"]
[Result "1/2-1/2"]
[WhiteElo "1637"]
[BlackElo "1479"]
[PlyCount "48"]
[EventDate "2013.10.12"]
[EventType "team-tourn"]
[EventRounds "11"]
[EventCountry "CZE"]
[SourceTitle "EXT 2015"]
[Source "ChessBase"]
[SourceDate "2014.11.20"]
[SourceVersion "1"]
[SourceVersionDate "2014.11.20"]
[SourceQuality "1"]
[WhiteTeam "Polabiny (U20) II"]
[BlackTeam "Brno Lokomotiva (U20)"]
[WhiteTeamCountry "CZE"]
[BlackTeamCountry "CZE"]

1. d4 c5 2. e3 Nf6 3. c4 cxd4 4. exd4 g6 5. Nc3 Bg7 6. Nf3 b6 7. Be2 Bb7 8. 0-0 0-0 9. Re1 e6 10. b3 d5 11. Bb2 Nc6 12. cxd5 Nxd5 13. Nxd5 Qxd5 14. Bc4 Qd6 15. Qd2 Rfd8 16. Rad1 Rac8 17. d5 exd5 18. Bxg7 Kxg7 19. Qxd5 Qxd5 20. Bxd5 Na5 21. Bxb7 Nxb7 22. Rxd8 Rxd8 23. g3 Nc5 24. Kf1 Kf6 1/2-1/2

[Event "Czech Fed-ch U14"]
[Site "Hrdonov"]
[Date "2012.10.24"]
[Round "6"]
[White "Jelinek, Michal"]
[Black "Zejdlik, Patrik"]
[Result "1/2-1/2"]
[WhiteElo "1716"]
[BlackElo "1510"]
[PlyCount "88"]
[EventDate "2012.10.20"]
[EventType "swiss"]
[EventRounds "9"]
[EventCountry "CZE"]
[SourceTitle "CBM 151 Extra"]
[Source "ChessBase"]
[SourceDate "2012.12.18"]
[SourceVersion "1"]
[SourceVersionDate "2012.12.18"]
[SourceQuality "1"]

1. d4 e6 2. c4 d5 3. Nc3 c5 4. e3 Nf6 5. Nf3 Nc6 6. Be2 a6 7. cxd5 exd5 8. 0-0 Be6 9. Re1 cxd4 10. exd4 Bd6 11. Bg5 0-0 12. a3 Bc7 13. Bd3 h6 14. Bh4 Bg4 15. Bxf6 gxf6 16. Bc2 Bh5 17. Qd2 Kg7 18. Nh4 Bg6 19. Bb3 Qd6 20. g3 Bb6 21. Bxd5 Bxd4 22. Bxc6 bxc6 23. Ne4 Qd5 24. Nxg6 fxg6 25. Rad1 Rad8 26. Qc2 Rfe8 27. Nc3 Qc5 28. Rxe8 Rxe8 29. Qd2 Bxc3 30. Qxc3 Qxc3 31. bxc3 Kf7 32. Kg2 Rb8 33. Rd6 Rb3 34. Rxc6 Rxa3 35. c4 a5 36. h4 Rc3 37. Ra6 Rxc4 38. Rxa5 Rc7 39. Ra6 g5 40. h5 Re7 41. g4 Rd7 42. f3 Re7 43. Kf2 Kg7 44. Ra5 Kf7 1/2-1/2

[Event "CZE-ch U12"]
[Site "Kouty nad Desnou"]
[Date "2011.03.14"]
[Round "3"]
[White "Zejdlik, Patrik"]
[Black "Bares, Jachym"]
[Result "1/2-1/2"]
[WhiteElo "1473"]
[BlackElo "1655"]
[PlyCount "42"]
[EventDate "2011.03.12"]
[EventType "swiss"]
[EventRounds "9"]
[EventCountry "CZE"]
[SourceTitle "EXT 2014"]
[Source "ChessBase"]
[SourceDate "2013.11.20"]
[SourceVersion "1"]
[SourceVersionDate "2013.11.20"]
[SourceQuality "1"]

1. c4 e5 2. Nc3 Nc6 3. e3 f5 4. d4 e4 5. Nge2 Nf6 6. Nf4 Bb4 7. Bd2 Bxc3 8. Bxc3 d5 9. b3 Ne7 10. Bb4 c6 11. Rc1 Bd7 12. Bd6 Ng6 13. Nxg6 hxg6 14. Be2 Be6 15. c5 Qa5+ 16. Qd2 Qxd2+ 17. Kxd2 Kf7 18. h3 g5 19. g3 Rh7 20. Bf1 Rah8 21. Bg2 g6 1/2-1/2

[Event "CZE-ch U12"]
[Site "Kouty nad Desnou"]
[Date "2011.03.13"]
[Round "2"]
[White "Soukup, Vaclav1111"]
[Black "Zejdlik, Patrik"]
[Result "0-1"]
[WhiteElo "1421"]
[BlackElo "1473"]
[PlyCount "74"]
[EventDate "2011.03.12"]
[EventType "swiss"]
[EventRounds "9"]
[EventCountry "CZE"]
[SourceTitle "EXT 2014"]
[Source "ChessBase"]
[SourceDate "2013.11.20"]
[SourceVersion "1"]
[SourceVersionDate "2013.11.20"]
[SourceQuality "1"]

1. e4 c5 2. Nf3 Nc6 3. d4 cxd4 4. Nxd4 e6 5. Nc3 Nf6 6. Be3 Be7 7. f3 a6 8. Qd2 Qc7 9. g4 d6 10. g5 Nd7 11. 0-0-0 b5 12. f4 Bb7 13. Rg1 b4 14. Nce2 Rc8 15. Ng3 Nxd4 16. Bxd4 Rg8 17. Bd3 a5 18. Rge1 d5 19. e5 g6 20. h4 Bc5 21. Ne2 Ke7 22. Rh1 Qb6 23. Qe3 Rc7 24. h5 Rgc8 25. hxg6 hxg6 26. Kb1 Ba6 27. Rh2 Bxd3 28. Qxd3 Bxd4 29. Nxd4 Nc5 30. Qe3 Nd7 31. Qd3 Nc5 32. Qe3 Nd7 33. Qd2 Rc4 34. Rh7 Nf8 35. Qe3 Rxd4 36. Rxf7+ Kxf7 37. Rxd4 Rc4 0-1

[Event "CZE-ch U12"]
[Site "Kouty nad Desnou"]
[Date "2011.03.12"]
[Round "1"]
[White "Zejdlik, Patrik"]
[Black "Parizek, Vojtech"]
[Result "0-1"]
[WhiteElo "1473"]
[BlackElo "1678"]
[PlyCount "40"]
[EventDate "2011.03.12"]
[EventType "swiss"]
[EventRounds "9"]
[EventCountry "CZE"]
[SourceTitle "EXT 2014"]
[Source "ChessBase"]
[SourceDate "2013.11.20"]
[SourceVersion "1"]
[SourceVersionDate "2013.11.20"]
[SourceQuality "1"]

1. c4 c5 2. Nc3 Nf6 3. Nf3 e6 4. e3 d5 5. d4 Nc6 6. b3 cxd4 7. exd4 Bb4 8. Bd2 dxc4 9. Bxc4 Nxd4 10. Nxd4 Qxd4 11. Nb5 Bxd2+ 12. Qxd2 Qxa1+ 13. Ke2 Qe5+ 14. Kf1 0-0 15. Qd1 a6 16. Na3 b5 17. Be2 Bb7 18. h4 Rfd8 19. Qe1 Rac8 20. Rh3 Qb2 0-1